000 00818cab a2200193 4500
001 ##L134830
008 060905n2006 000 0 eng u
035 _a(Sirsi) u134830
041 0 _aeng
100 1 _aRawlinson, Simon
245 0 0 _aProcurement
_bconstruction management
260 _c2006
490 0 _aBuilding
_v271(8445) 1 September 2006, 62-67(6)
520 _aExamines current best practice with regards to the construction management route of procurement. Covers the advantages and disadvantages of the route, the construction manager's role, client actions to reduce the risk of construction management, and a case study based on the Peter Jones department store refurbishment in Chelsea, London.
590 _aIKA190906
651 4 _aUnited Kingdom
_y
690 _aProcurement
_96260
942 _n0
999 _c77668
_d77668